golden age - ethel cain - Statistics

General Stats
  • This quiz has been taken 7 times
  • The average score is 317 of 432
Answer Stats
Answer % Correct
a
100%
and
100%
but
100%
darling
100%
do
100%
dont
100%
enough
100%
for
100%
go
100%
got
100%
i
100%
it
100%
its
100%
love
100%
love?
100%
me
100%
me?
100%
never
100%
so
100%
to
100%
want
100%
wanted
100%
what
100%
when
100%
age
75%
all
75%
anymore
75%
away
75%
be
75%
beautiful
75%
because
75%
cause
75%
down
75%
happy
75%
hard
75%
hate
75%
have
75%
he
75%
ill
75%
im
75%
in
75%
is
75%
keep
75%
life
75%
loves
75%
my
75%
need
75%
of
75%
old
75%
out
75%
reminds
75%
see?
75%
see
75%
still
75%
that
75%
the
75%
turned
75%
wait
75%
waiting
75%
wanna
75%
waste
75%
wasted
75%
watch
75%
way
75%
with
75%
you
75%
about
50%
along
50%
am
50%
back
50%
beauty
50%
bed
50%
best
50%
blood?
50%
brings
50%
come
50%
coming
50%
damn
50%
days
50%
decline
50%
each
50%
embrace
50%
every
50%
falls
50%
farther
50%
feels
50%
fields
50%
fight
50%
find
50%
found
50%
from
50%
get
50%
gold
50%
gown
50%
him
50%
holdin
50%
house
50%
hundred
50%
hurt
50%
just
50%
lamplight
50%
like
50%
man
50%
mothers
50%
myself
50%
not
50%
(oh)
50%
on
50%
one
50%
over
50%
pain
50%
paint
50%
put
50%
queen
50%
right
50%
shades
50%
swaying
50%
talk
50%
taste
50%
tears
50%
tell
50%
these
50%
time
50%
wasting
50%
white
50%
who
50%
world
50%
years
50%
yet
50%
ages
25%
bleared
25%
dog
25%
eyes
25%
fire
25%
getting
25%
guess
25%
it'll
25%
letting
25%
long
25%
makes
25%
much
25%
outside
25%
sad
25%
theyve
25%
tired
25%
too
25%
waves
25%
wild
25%
fly
0%
forgot
0%
whore
0%
No matching quizzes found
Score Distribution
Percent of People with Each Score
Percentile by Number Answered
Your Score History
You have not taken this quiz